TREATMENT PLANING IN DENTISTRY (Record no. 3427)

MARC details
000 -LEADER
fixed length control field 00366nam a2200145Ia 4500
008 - FIXED-LENGTH DATA ELEMENTS--GENERAL INFORMATION
fixed length control field 150201s2001 xx 000 0 und d
082 ## - DEWEY DECIMAL CLASSIFICATION NUMBER
Classification number 617.6
Item number T2001S
100 ## - MAIN ENTRY--PERSONAL NAME
Personal name STEFANCE S.J.
245 ## - TITLE STATEMENT
Title TREATMENT PLANING IN DENTISTRY
250 ## - EDITION STATEMENT
Edition statement 1ST
260 ## - PUBLICATION, DISTRIBUTION, ETC. (IMPRINT)
Name of publisher, distributor, etc. MOSBY
Place of publication, distribution, etc. NEW DELHI
Date of publication, distribution, etc. 2001
300 ## - PHYSICAL DESCRIPTION
Extent 1-
650 ## - SUBJECT ADDED ENTRY--TOPICAL TERM
Topical term or geographic name as entry element PREVENTIVE AND COMMUNITY DENTISTRY
942 ## - ADDED ENTRY ELEMENTS (KOHA)
Source of classification or shelving scheme Dewey Decimal Classification
Koha item type Books
Holdings
Withdrawn status Lost status Source of classification or shelving scheme Damaged status Not for loan Home library Current library Date acquired Source of acquisition Cost, normal purchase price Serial Enumeration / chronology SGTU Bill Number Total Checkouts Full call number Barcode Date last seen Bill Date Koha item type
    Dewey Decimal Classification     SGT Dental Library SGT Dental Library 03/01/2006 U.B.S.DELHI 64.00 1 SGTU 825/838   617.6 T2001S FD3821 09/02/2015 24/07/2012 Books
    Dewey Decimal Classification     SGT Dental Library SGT Dental Library 07/02/2007 U.B.S.DELHI 1700.00 1 SGTU 1095   617.6 T2001S FD4131 09/02/2015 14/08/2012 Books
    Dewey Decimal Classification     SGT Dental Library SGT Dental Library 19/02/2007 U.B.S.DELHI 1700.00 1 SGTU 1144   617.6 T2001S FD4147 09/02/2015 14/08/2012 Books
    Dewey Decimal Classification     SGT Dental Library SGT Dental Library 19/02/2007 U.B.S.DELHI 1700.00 1 SGTU 1144   617.6 T2001S FD4148 09/02/2015 14/08/2012 Books